Central Library OPAC University of Rajshahi

How families still matter : (Record no. 57680)

MARC details
000 -LEADER
fixed length control field 00965nam a2200277 a 4500
001 - CONTROL NUMBER
control field 57680
003 - CONTROL NUMBER IDENTIFIER
rucl marc code BD-RjUL
005 - DATE AND TIME OF LATEST TRANSACTION
control field 20211209080536.0
008 - FIXED-LENGTH DATA ELEMENTS--GENERAL INFORMATION
fixed length control field 161211s2002 enka b 001 0 eng
020 ## - INTERNATIONAL STANDARD BOOK NUMBER
International Standard Book Number 052180423X
International Standard Book Number 0521009545 (pb.)
035 ## - SYSTEM CONTROL NUMBER
System control number (BD-RjUL)57804
040 ## - CATALOGING SOURCE
Original cataloging agency DLC
Transcribing agency DLC
Modifying agency BD-RjUL
Language of cataloging eng
041 ## - LANGUAGE CODE
Language code of text/sound track or separate title eng
082 ## - DEWEY DECIMAL CLASSIFICATION NUMBER
Edition number 23
Author mark and year BEH 2002
Classification number 305.2420973
100 1# - MAIN ENTRY--PERSONAL NAME
Personal name Bengtson, Vern L.
9 (RLIN) 171297
245 10 - TITLE STATEMENT
Title How families still matter :
Remainder of title a longitudinal study of youth in two generations /
Statement of responsibility, etc. Vern L. Bengtson, Timothy J. Biblarz and Robert E.L. Roberts.
260 ## - PUBLICATION, DISTRIBUTION, ETC. (IMPRINT)
Place of publication, distribution, etc. New York :
Name of publisher, distributor, etc. Cambridge University Press,
Date of publication, distribution, etc. c2002.
300 ## - PHYSICAL DESCRIPTION
Pagination xxii, 215 p. :
Illustrations ill. ;
Size 24 cm.
504 ## - BIBLIOGRAPHY, ETC. NOTE
Bibliography, etc Includes bibliographical references (p. 187-203) and index.
650 #0 - SUBJECT ADDED ENTRY--TOPICAL TERM
Topical term or geographic name as entry element Family
9 (RLIN) 171298
Geographic subdivision United states
700 1# - ADDED ENTRY--PERSONAL NAME
Personal name Biblarz, Timothy J.,
Dates associated with a name 1962-
Personal name Roberts, Robert E. L.,
Dates associated with a name 1956-
942 ## - ADDED ENTRY ELEMENTS (KOHA)
Source of classification or shelving scheme Dewey Decimal Classification
Koha item type Books
Holdings
Lost status Source of classification or shelving scheme Damaged status Not for loan Collection code Permanent Location Current Location Shelving location Date acquired Source of acquisition Cost, normal purchase price Total Checkouts Full call number Date last seen Copy number Koha item type
  Dewey Decimal Classification   Not For Loan Non-fiction Central Library, University of Rajshahi Central Library, University of Rajshahi Reading Room 04/05/2008 Dhaka, Paragon Enterpries Ltd. 18.99   305.2420973 BEH 2002 11/12/2016 C-1 Books